Anuari Politic de Catalunya
Сохранить в:
| Соавтор: | |
|---|---|
| Формат: | |
| Язык: | Spanish |
| Опубликовано: |
arcelona, España:
ICPS
2007
|
| Предметы: | |
| Online-ссылка: | https://dialnet.unirioja.es/revista/27132/A/2007 |
| Метки: |
Добавить метку
Нет меток, Требуется 1-ая метка записи!
|
MARC
| LEADER | 00000nam a22000007a 4500 | ||
|---|---|---|---|
| 003 | cru CIDCACS/IIS | ||
| 005 | 20231011154909.0 | ||
| 008 | 230320b2007 es ||||| |||| 00| 0 spa d | ||
| 022 | |a 2013-0120 | ||
| 040 | |c cru CIDCACS/IIS |a cru CIDCACS/IIS | ||
| 090 | |a 04.04.02 A636a | ||
| 110 | 1 | |9 11035 |a L´ Institut de Ciéncies Socials(ICPS) | |
| 245 | |a Anuari |b Politic de Catalunya |c L´ Institut de Ciéncies Socials (ICPS) | ||
| 260 | |a arcelona, España: |b ICPS |c 2007 | ||
| 300 | |a 137 páginas | ||
| 500 | |a Solo este ejemplar en el CRAI | ||
| 505 | |a Presentación-----------------------------------------------------------------------------------------5-6 Joan Marcet Artículo Processos electorals Les eleccions municipals de 2007 a Catalunya--------------------------------------------------------9-12 Lucía Medina Artículo Impacte de la Llei d'Igualtat en la feminització de la vida política local-------------------------13-34 Tània Verge Mestre Artículo Parlament La incidència del nou Reglament en el procediment legislatiu---------------------------------------37-54 Ismael E. Pitarch Segura Artículo Govern Objectiu de govern: estabilitat i desplegament de l'Estatut----------------------------------------57-92 Jordi Matas Dalmases Artículo Partits polítics Els partits polítics catalans: entre la reestructuració, la contestació interna i la redefinició ideològica-------------------------------------------------------------------------------------------95-120 Marta Luque Artículo Àmbit local Reformes legals i retorn a l'equilibri sistèmic amb les eleccions municipals de 2007------------------123-137 Jaume Magre Ferran | ||
| 650 | 0 | 0 | |0 TESAUROS |9 306 |a ELECCIONES |
| 650 | 0 | 0 | |9 4911 |a GOBIERNO |
| 650 | 0 | 4 | |9 3207 |a PARTICIPACION POLITICA |
| 650 | 0 | 0 | |9 2174 |a SISTEMAS ELECTORALES |
| 650 | 0 | 0 | |9 8625 |a PARLAMENTARISMO |
| 856 | |u https://dialnet.unirioja.es/revista/27132/A/2007 | ||
| 942 | |2 z |c PP |h 04.04.02 A636a |i 06041 |6 040402_A636A_06041 | ||
| 999 | |c 44818 |d 44818 | ||
